Normal view MARC view
  • Howard, David,

Entry Nom personal

Number of records used in: 1

001 - NÚMERO DE CONTROL

  • campo de control: 169162

003 - IDENTIFICADOR DEL NÚMERO DE CONTROL

  • campo de control: ES-BaIT

005 - FECHA Y HORA DE LA ÚLTIMA TRANSACCIÓN

  • campo de control: 20260326100805.0

008 - DATOS DE LONGITUD FIJA

  • campo de control de longitud fija: 260326|| aca||aabn | a|a d

040 ## - FUENTE DE LA CATALOGACIÓN

  • Centro catalogador/agencia de origen: ES-BaIT

100 1# - ENCABEZAMIENTO-NOMBRE DE PERSONA

  • Nombre de persona: Howard, David,
  • Fechas asociadas al nombre: 1937-2013

Powered by Koha